Most Democratic Populous Countries - Statistics

General Stats
  • This quiz has been taken 225 times
  • The average score is 11 of 14
Answer Stats
Score Country Growth % Correct
7.92 United States - 0.04
97%
7.99 France - 0.13
96%
8.54 United Kingdom 0.02
96%
8.67 Germany - 0.01
94%
9.24 Canada 0.02
93%
8.12 Spain - 0.17
92%
8.96 Australia - 0.13
90%
7.74 Italy 0.22
90%
8.13 Japan 0.14
88%
8.01 South Korea 0.01
80%
8.94 Taiwan 1.21
65%
7.05 South Africa - 0.19
58%
7.19 Malaysia 0.03
45%
7.04 Colombia - 0.09
29%
No matching quizzes found
Score Distribution
Percent of People with Each Score
Percentile by Number Answered
Your Score History
You have not taken this quiz